Οδηγός θεσμικών θεμάτων
Saved in:
| Corporate Author: | |
|---|---|
| Format: | Book |
| Language: | Greek |
| Published: |
[χ.τ.] :
Επιτροπή των Ευρωπαϊκών Κοινοτήτων,
[1990?]
|
| Tags: |
Add Tag
No Tags, Be the first to tag this record!
|
MARC
| LEADER | 00000cam a2200000 i 4500 | ||
|---|---|---|---|
| 001 | 1/9749 | ||
| 008 | 000824s1990 gre d | ||
| 035 | |l 10063182 | ||
| 040 | |a GR-MY-UA |b gre |e aacr | ||
| 041 | 0 | |a gre | |
| 082 | 0 | |a 341.2422 | |
| 110 | 2 | |a Επιτροπή των Ευρωπαϊκών Κοινοτήτων. | |
| 245 | 1 | 0 | |a Οδηγός θεσμικών θεμάτων / |c Επιτροπή των Ευρωπαϊκών Κοινοτήτων |
| 260 | |a [χ.τ.] : |b Επιτροπή των Ευρωπαϊκών Κοινοτήτων, |c [1990?] | ||
| 300 | |a 91 σ. |b πίν. | ||
| 852 | |a INST |b LESVOS |e 20000824 |h 341.2422 ΕΠΙ |p 005100024308 |q 005100024308 |t BK |y 0 | ||
| 901 | |a BIBL1-2000-2 | ||
| 970 | |z 2000/08/ΧΡΥΣΑΝΘΗ | ||